[Event "España tch División de Honor 2013"]
[Site "Linares ESP"]
[Date "2013.09.08"]
[Round "1.11"]
[White "Negi, Parimarjan"]
[Black "Spraggett, Kevin"]
[Result "1-0"]
[WhiteElo "2662"]
[BlackElo "2568"]
[PlyCount "129"]
[EventDate "2013.09.08"]
[EventType "team-tourn"]
[EventRounds "7"]
[EventCountry "ESP"]
[Source "lmi"]
[SourceDate "2013.09.08"]

1. e4 e5 2. Nf3 Nc6 3. Bb5 a6 4. Ba4 Nf6 5. O-O Be7 6. Re1 b5 7. Bb3 d6 8. c3
O-O 9. h3 Na5 10. Bc2 c5 11. d4 Qc7 12. Nbd2 Nc6 13. d5 Nd8 14. Nf1 Ne8 15. a4
Rb8 16. b4 c4 17. g4 g6 18. Ng3 Ng7 19. Be3 f6 20. Kh2 Nf7 21. Rg1 Kh8 22. Nd2
Bd7 23. Qe2 Rg8 24. f3 Rb7 25. h4 Rf8 26. Rg2 Rbb8 27. h5 g5 28. h6 Ne8 29.
Rgg1 Nxh6 30. Rh1 Rf7 31. Kg2 Bf8 32. Nf5 Ng8 33. axb5 axb5 34. Ra7 Qc8 35. f4
gxf4 36. Bxf4 Rb7 37. Rxb7 Qxb7 38. Be3 Ne7 39. Nf3 Nxf5 40. gxf5 Qa6 41. Nh2
Qa3 42. Qd2 h5 43. Nf3 Rh7 44. Nh4 Ng7 45. Bd1 Be8 46. Bf3 Kg8 47. Kh3 Be7 48.
Rg1 Bd8 49. Rb1 Qa6 50. Qb2 Bb6 51. Ra1 Qb7 52. Qf2 Bxe3 53. Qxe3 Bd7 54. Qg1
Be8 55. Ra7 Qb8 56. Ra6 Bd7 57. Qg6 Qf8 58. Ra7 Qd8 59. Qg1 Rh6 60. Rb7 Rh7 61.
Kh2 Kh8 62. Qa7 Ne8 63. Rb8 Bc8 64. Ng6+ Kg8 65. Qa8 1-0

[Event "España tch División de Honor 2013"]
[Site "Linares ESP"]
[Date "2013.09.08"]
[Round "1.12"]
[White "Moskalenko, Viktor"]
[Black "Ganguly, Surya Shekhar"]
[Result "1/2-1/2"]
[WhiteElo "2524"]
[BlackElo "2630"]
[PlyCount "87"]
[EventDate "2013.09.08"]
[EventType "team-tourn"]
[EventRounds "7"]
[EventCountry "ESP"]
[Source "lmi"]
[SourceDate "2013.09.08"]

1. d4 Nf6 2. Bg5 d5 3. e3 c6 4. Bd3 Bg4 5. Ne2 Nbd7 6. h3 Bh5 7. f4 e6 8. Nd2
Qb6 9. Rb1 Bg6 10. O-O Bd6 11. Bxf6 Nxf6 12. Nf3 c5 13. c3 Bxd3 14. Qxd3 Ne4
15. Nd2 f5 16. Nxe4 fxe4 17. Qd1 O-O 18. dxc5 Qxc5 19. Nd4 Rf6 20. Qe2 Raf8 21.
g3 a6 22. Kg2 Qc7 23. g4 e5 24. fxe5 Bxe5 25. Rxf6 Rxf6 26. Rf1 Qf7 27. Rxf6
Qxf6 28. Qf2 Kf7 29. Ne2 Qxf2+ 30. Kxf2 Ke6 31. Nd4+ Kd6 32. Ke2 b5 33. Kd2 h6
34. Ne2 Kc5 35. Kc2 b4 36. cxb4+ Kxb4 37. a3+ Kc5 38. Nc3 Bf6 39. b3 Kc6 40.
Ne2 Be5 41. b4 Bf6 42. a4 Kd6 43. Nd4 Bxd4 44. exd4 1/2-1/2

[Event "España tch División de Honor 2013"]
[Site "Linares ESP"]
[Date "2013.09.08"]
[Round "1.14"]
[White "Libiszewski, Fabien"]
[Black "Ubilava, Elizbar"]
[Result "1/2-1/2"]
[WhiteElo "2520"]
[BlackElo "2498"]
[PlyCount "68"]
[EventDate "2013.09.08"]
[EventType "team-tourn"]
[EventRounds "7"]
[EventCountry "ESP"]
[Source "lmi"]
[SourceDate "2013.09.08"]

1. e4 e5 2. Nf3 Nc6 3. d4 exd4 4. Nxd4 Bb4+ 5. c3 Bc5 6. Be3 Bb6 7. Nf5 Bxe3 8.
Nxe3 Nf6 9. f3 O-O 10. Be2 d6 11. O-O Re8 12. c4 Nh5 13. Nc3 Nf4 14. Ncd5 Nxe2+
15. Qxe2 Ne5 16. Rad1 Be6 17. Nc3 Nd7 18. Qf2 a5 19. Nb5 a4 20. Rfe1 Ne5 21.
Qc2 Ra5 22. Nd5 Bxd5 23. exd5 Re7 24. Re2 Ng6 25. Rde1 Rxe2 26. Qxe2 Ra8 27.
Qe4 Qd7 28. f4 Rc8 29. Nc3 h6 30. g3 Nf8 31. Qe7 Qf5 32. Qe4 Qd7 33. Qe7 Qf5
34. Qe4 Qd7 1/2-1/2

[Event "España tch División de Honor 2013"]
[Site "Linares ESP"]
[Date "2013.09.08"]
[Round "1.15"]
[White "De la Villa Garcia, Jesus Maria"]
[Black "Gual Pascual, Antonio"]
[Result "1-0"]
[WhiteElo "2477"]
[BlackElo "2468"]
[PlyCount "105"]
[EventDate "2013.09.08"]
[EventType "team-tourn"]
[EventRounds "7"]
[EventCountry "ESP"]
[Source "lmi"]
[SourceDate "2013.09.08"]

1. e4 d6 2. d4 g6 3. Bc4 Nf6 4. Qe2 Bg7 5. Nf3 c6 6. e5 Nd5 7. h3 O-O 8. O-O b5
9. Bb3 a5 10. Rd1 Ba6 11. Bg5 Ra7 12. Qe4 a4 13. Bxd5 cxd5 14. Qh4 b4 15. Nbd2
f6 16. Bh6 Rc7 17. exf6 exf6 18. Bxg7 Kxg7 19. a3 Rxc2 20. axb4 Qd7 21. b3 axb3
22. Nxb3 Rc4 23. Nbd2 Rxb4 24. Re1 Bc4 25. Rac1 Bb5 26. Qf4 Nc6 27. Qe3 Rf7 28.
Qa3 Ra4 29. Qb2 Na5 30. Rb1 Bd3 31. Ra1 Nc4 32. Qb3 Rxa1 33. Rxa1 Be2 34. Qb8
Qb7 35. Qd8 Rd7 36. Qe8 Re7 37. Qd8 Qc7 38. Ra8 Qxd8 39. Rxd8 h5 40. Rc8 Rb7
41. Nxc4 dxc4 42. d5 Rb1+ 43. Kh2 Rd1 44. Ng1 Bf1 45. Rc7+ Kh6 46. g4 Rxd5 47.
Nf3 Rd3 48. Ne1 Rd1 49. Nc2 Bd3 50. Ne3 Rd2 51. Kg3 h4+ 52. Kxh4 Rxf2 53. Kg3
1-0

[Event "España tch División de Honor 2013"]
[Site "Linares ESP"]
[Date "2013.09.08"]
[Round "1.16"]
[White "Bofill Mas, Alejandro"]
[Black "Perez Ordoñez, Joaquin"]
[Result "1-0"]
[WhiteElo "2353"]
[BlackElo "2026"]
[PlyCount "43"]
[EventDate "2013.09.08"]
[EventType "team-tourn"]
[EventRounds "7"]
[EventCountry "ESP"]
[Source "lmi"]
[SourceDate "2013.09.08"]

1. c4 e6 2. g3 d5 3. Bg2 Nf6 4. Nf3 c6 5. b3 a5 6. Nc3 Bb4 7. Bb2 a4 8. Nxa4
dxc4 9. bxc4 Ne4 10. O-O Nxd2 11. Nxd2 Qxd2 12. Qxd2 Bxd2 13. Nb6 Ra6 14. Nxc8
Bb4 15. Bxg7 Rg8 16. Be5 Nd7 17. Bd6 Ba5 18. Rab1 Rg4 19. Rxb7 Rxc4 20. Rd1 c5
21. Bf4 Rd4 22. Rxd4 1-0

[Event "España tch División de Honor 2013"]
[Site "Linares ESP"]
[Date "2013.09.08"]
[Round "1.21"]
[White "Navara, David"]
[Black "Anton Guijarro, David"]
[Result "0-1"]
[WhiteElo "2715"]
[BlackElo "2574"]
[PlyCount "52"]
[EventDate "2013.09.08"]
[EventType "team-tourn"]
[EventRounds "7"]
[EventCountry "ESP"]
[Source "lmi"]
[SourceDate "2013.09.08"]

1. d4 Nf6 2. c4 e6 3. Nc3 Bb4 4. Qc2 O-O 5. a3 Bxc3+ 6. Qxc3 d5 7. Nf3 dxc4 8.
Qxc4 b6 9. Bg5 Ba6 10. Qa4 h6 11. Bh4 c5 12. Rd1 Qe7 13. dxc5 bxc5 14. e4 Bxf1
15. e5 Qe8 16. Qxe8 Rxe8 17. exf6 Bxg2 18. Rg1 Bxf3 19. Rxg7+ Kh8 20. Rd3 Bh5
21. Bg5 Bg6 22. Rxg6 fxg6 23. Bxh6 Kg8 24. Bg5 a5 25. Rh3 Ra7 26. Rh6 Rh7 0-1

[Event "España tch División de Honor 2013"]
[Site "Linares ESP"]
[Date "2013.09.08"]
[Round "1.23"]
[White "Magem Badals, Jordi"]
[Black "Rubio Mejia, Luis Ignacio"]
[Result "1/2-1/2"]
[WhiteElo "2551"]
[BlackElo "2445"]
[PlyCount "62"]
[EventDate "2013.09.08"]
[EventType "team-tourn"]
[EventRounds "7"]
[EventCountry "ESP"]
[Source "lmi"]
[SourceDate "2013.09.08"]

1. e4 c5 2. Ne2 Nc6 3. d4 cxd4 4. Nxd4 e6 5. Nb5 d6 6. c4 Nf6 7. N1c3 a6 8. Na3
Be7 9. Be2 O-O 10. O-O b6 11. Be3 Bb7 12. Qb3 Nd7 13. Rfd1 Nc5 14. Qc2 Bf6 15.
Rac1 Qe7 16. Nab1 Nb4 17. Qd2 Rfd8 18. Qe1 d5 19. exd5 exd5 20. cxd5 Nxd5 21.
Nxd5 Rxd5 22. Rxd5 Bxd5 23. Nc3 Bb7 24. Rd1 Rd8 25. h3 g6 26. Bc4 Rxd1 27. Qxd1
Qd7 28. Qxd7 Nxd7 29. Bd5 Bxd5 30. Nxd5 Bxb2 31. Nxb6 Nxb6 1/2-1/2

[Event "España tch División de Honor 2013"]
[Site "Linares ESP"]
[Date "2013.09.08"]
[Round "1.24"]
[White "Rudolf, Anna"]
[Black "Lopez Martinez, Josep Manuel"]
[Result "0-1"]
[WhiteElo "2308"]
[BlackElo "2543"]
[PlyCount "102"]
[EventDate "2013.09.08"]
[EventType "team-tourn"]
[EventRounds "7"]
[EventCountry "ESP"]
[Source "lmi"]
[SourceDate "2013.09.08"]

1. e4 c5 2. Nf3 e6 3. d4 cxd4 4. Nxd4 a6 5. Bd3 Bc5 6. Nb3 Be7 7. Qg4 g6 8. Qe2
d6 9. a4 Nc6 10. Na3 Ne5 11. Nc4 Nxc4 12. Bxc4 Bd7 13. O-O Rc8 14. Bd3 Kf8 15.
f4 Kg7 16. e5 h5 17. exd6 Bxd6 18. Be3 Nf6 19. Bd4 Re8 20. c4 Kg8 21. c5 Bf8
22. Be4 Bc6 23. Bxc6 Rxc6 24. Rad1 Bg7 25. Be5 Qc8 26. Bd6 Nd5 27. Rfe1 Rd8 28.
f5 gxf5 29. Qxh5 Nf6 30. Qh4 Ne4 31. Be5 f6 32. Bd4 Rc7 33. Be3 Rcd7 34. Rxd7
Qxd7 35. Nd4 e5 36. Nf3 Qe6 37. Bh6 Rd7 38. Qh5 Nxc5 39. Bxg7 Rxg7 40. Rd1 Nd7
41. Nh4 f4 42. Qf5 Qc6 43. Qd3 Nf8 44. Qe2 e4 45. Kh1 Qe6 46. Rd8 Qg4 47. Qxg4
Rxg4 48. Nf5 Rg5 49. Nd6 e3 50. Kg1 f3 51. g3 Rc5 0-1

[Event "España tch División de Honor 2013"]
[Site "Linares ESP"]
[Date "2013.09.08"]
[Round "1.25"]
[White "Alonso Rosell, Alvar"]
[Black "Vazquez Torres, Adrian"]
[Result "1-0"]
[WhiteElo "2542"]
[BlackElo "2185"]
[PlyCount "81"]
[EventDate "2013.09.08"]
[EventType "team-tourn"]
[EventRounds "7"]
[EventCountry "ESP"]
[Source "lmi"]
[SourceDate "2013.09.08"]

1. d4 Nf6 2. c4 d6 3. Nf3 g6 4. g3 Bg7 5. Bg2 O-O 6. O-O Nbd7 7. Qc2 c5 8. Rd1
cxd4 9. Nxd4 a6 10. Nc3 Qc7 11. b3 Nc5 12. Qd2 Ne6 13. Nc2 Bd7 14. Bb2 Bc6 15.
Nd5 Bxd5 16. cxd5 Nc5 17. Ne3 a5 18. Rac1 Qb6 19. Bd4 Qa7 20. Qb2 Ne8 21. h4
Bxd4 22. Rxd4 Ng7 23. Bf3 f5 24. h5 b5 25. h6 Ne8 26. Rf4 Nf6 27. g4 fxg4 28.
Bxg4 e5 29. dxe6 Nxg4 30. Rxg4 Nxe6 31. Qd2 Qf7 32. f4 Rae8 33. f5 Nc5 34. Rf1
Re4 35. Rg3 Qe7 36. fxg6 Rxf1+ 37. Nxf1 Qe5 38. Rg5 Qe6 39. Ng3 hxg6 40. Nxe4
Nxe4 41. Qe1 1-0

[Event "España tch División de Honor 2013"]
[Site "Linares ESP"]
[Date "2013.09.08"]
[Round "1.26"]
[White "Perez de Aranda, Leonardo Ivan"]
[Black "Oms Pallisse, Josep"]
[Result "1-0"]
[WhiteElo "2160"]
[BlackElo "2475"]
[PlyCount "119"]
[EventDate "2013.09.08"]
[EventType "team-tourn"]
[EventRounds "7"]
[EventCountry "ESP"]
[Source "lmi"]
[SourceDate "2013.09.08"]

1. e4 e6 2. d4 d5 3. exd5 exd5 4. Bd3 c6 5. Ne2 Bg4 6. O-O Bd6 7. c4 Ne7 8.
Nbc3 dxc4 9. Bxc4 O-O 10. f3 Bf5 11. Ne4 Nd5 12. Bxd5 cxd5 13. Nxd6 Qxd6 14.
Bf4 Qb4 15. Bxb8 Raxb8 16. Rf2 Rbc8 17. Nc3 Qc4 18. Rd2 Rfe8 19. Qb3 Qxb3 20.
axb3 a6 21. Nxd5 Be6 22. Nb6 Rc6 23. Na4 Bxb3 24. Nc5 Rb6 25. Nxb3 Rxb3 26. Rc1
g6 27. Rc7 Rd8 28. d5 Rd6 29. Kf2 Kg7 30. Kg3 Kf6 31. Kf4 Rb4+ 32. Ke3 g5 33.
g3 h6 34. h3 Kg6 35. f4 gxf4+ 36. gxf4 f6 37. Re7 Kf5 38. Rh7 Re4+ 39. Kf3
Rxf4+ 40. Kg3 Rb4 41. Rxh6 Rb3+ 42. Kg2 Rdb6 43. Rf2+ Ke4 44. d6 Rxd6 45. Rh4+
Ke5 46. Rhf4 Rdb6 47. Rf5+ Kd4 48. R5f4+ Kd5 49. Rf5+ Kc4 50. R5f4+ Kb5 51. h4
Ka5 52. Rf5+ R6b5 53. Rxb5+ Rxb5 54. Kg3 Ka4 55. Kg4 Kb3 56. h5 a5 57. Rxf6
Kxb2 58. h6 Rb4+ 59. Kg5 Rb3 60. h7 1-0

[Event "España tch División de Honor 2013"]
[Site "Linares ESP"]
[Date "2013.09.08"]
[Round "1.31"]
[White "Bruzon Batista, Lazaro"]
[Black "Sargissian, Gabriel"]
[Result "1/2-1/2"]
[WhiteElo "2699"]
[BlackElo "2671"]
[PlyCount "69"]
[EventDate "2013.09.08"]
[EventType "team-tourn"]
[EventRounds "7"]
[EventCountry "ESP"]
[Source "lmi"]
[SourceDate "2013.09.08"]

1. e4 e5 2. Nf3 Nc6 3. Bb5 a6 4. Ba4 Nf6 5. O-O Be7 6. d3 b5 7. Bb3 d6 8. a3
O-O 9. Nc3 Be6 10. Nd5 Nd4 11. Nxd4 exd4 12. Nxf6+ Bxf6 13. Bxe6 fxe6 14. Qg4
Qc8 15. a4 e5 16. h3 c5 17. Bd2 Qxg4 18. hxg4 h6 19. g3 b4 20. Kg2 Rab8 21. b3
g5 22. f4 Kg7 23. Rh1 Rh8 24. Rh5 Kg6 25. Rf1 Be7 26. Rfh1 Bf6 27. Kf3 Rbf8 28.
Ke2 Re8 29. Bc1 Rc8 30. Rf1 Be7 31. Bd2 Rce8 32. fxe5 dxe5 33. Rf5 Bf6 34. Bc1
Ra8 35. Rh1 1/2-1/2

[Event "España tch División de Honor 2013"]
[Site "Linares ESP"]
[Date "2013.09.08"]
[Round "1.32"]
[White "Svetushkin, Dmitry"]
[Black "Iturrizaga, Eduardo"]
[Result "0-1"]
[WhiteElo "2614"]
[BlackElo "2661"]
[PlyCount "60"]
[EventDate "2013.09.08"]
[EventType "team-tourn"]
[EventRounds "7"]
[EventCountry "ESP"]
[Source "lmi"]
[SourceDate "2013.09.08"]

1. e4 c5 2. Nf3 g6 3. c4 Nc6 4. d4 cxd4 5. Nxd4 Bg7 6. Be3 Nf6 7. Nc3 O-O 8.
Be2 d6 9. O-O Bd7 10. Nc2 Be6 11. f3 Nd7 12. Qd2 Qa5 13. Rab1 Bxc3 14. bxc3
Nde5 15. Bh6 Nxc4 16. Qd1 Rfc8 17. Nd4 Nd8 18. Nxe6 fxe6 19. Kh1 Qh5 20. Bc1
Qc5 21. f4 Ne3 22. Bxe3 Qxe3 23. f5 Rxc3 24. fxg6 hxg6 25. e5 d5 26. Bh5 Qg5
27. Bxg6 Rac8 28. Be8 R8c4 29. h3 a6 30. Qe2 Rc2 0-1

[Event "España tch División de Honor 2013"]
[Site "Linares ESP"]
[Date "2013.09.08"]
[Round "1.33"]
[White "Hansen, Eric"]
[Black "Perez Candelario, Manuel"]
[Result "1-0"]
[WhiteElo "2584"]
[BlackElo "2569"]
[PlyCount "84"]
[EventDate "2013.09.08"]
[EventType "team-tourn"]
[EventRounds "7"]
[EventCountry "ESP"]
[Source "lmi"]
[SourceDate "2013.09.08"]

1. e4 c5 2. Nf3 e6 3. d4 cxd4 4. Nxd4 Nc6 5. Nc3 Qc7 6. Be3 a6 7. Qd2 Nf6 8. f3
Be7 9. O-O-O O-O 10. g4 b5 11. g5 Nh5 12. Kb1 Ne5 13. Qf2 Bb7 14. Nce2 Nc4 15.
Bc1 g6 16. Ng3 Nf4 17. h4 d5 18. Qh2 e5 19. Nb3 a5 20. h5 Bxg5 21. exd5 a4 22.
Nc5 a3 23. Bxc4 bxc4 24. Nge4 axb2 25. Bxb2 c3 26. hxg6 fxg6 27. Nxg5 h5 28.
Nge4 cxb2 29. c4 Ba6 30. Qc2 Qa5 31. d6 Bb7 32. a4 Bxe4 33. Nxe4 Qb4 34. c5 Qa3
35. Qc4+ Kg7 36. Nc3 Rab8 37. Nb5 Qxf3 38. c6 Ne2 39. Rhf1 Qe3 40. Rxf8 Rxf8
41. c7 Nc1 42. d7 Rh8 1-0

[Event "España tch División de Honor 2013"]
[Site "Linares ESP"]
[Date "2013.09.08"]
[Round "1.34"]
[White "Antipov, Mikhail Al"]
[Black "Arizmendi Martinez, Julen Luis"]
[Result "1/2-1/2"]
[WhiteElo "2515"]
[BlackElo "2564"]
[PlyCount "85"]
[EventDate "2013.09.08"]
[EventType "team-tourn"]
[EventRounds "7"]
[EventCountry "ESP"]
[Source "lmi"]
[SourceDate "2013.09.08"]

1. e4 e5 2. Nf3 Nc6 3. Bb5 a6 4. Ba4 Nf6 5. O-O Be7 6. Re1 b5 7. Bb3 d6 8. c3
O-O 9. h3 h6 10. d4 Re8 11. Nbd2 Bf8 12. d5 Ne7 13. Nf1 Bd7 14. N3h2 c6 15.
dxc6 Bxc6 16. Qf3 d5 17. Ng4 Qd6 18. Rd1 Rad8 19. Ng3 Nxg4 20. hxg4 Qe6 21. Be3
dxe4 22. Qxe4 Bxe4 23. Bxe6 Bc6 24. Bb3 Nd5 25. Nf1 g6 26. a4 Nxe3 27. Nxe3
Rxd1+ 28. Bxd1 Bc5 29. axb5 axb5 30. Ra6 Bb7 31. Ra5 Bc6 32. b4 Bxe3 33. fxe3
Rd8 34. Bf3 Be8 35. Be2 Rc8 36. Bxb5 Bxb5 37. Rxb5 Rxc3 38. Rxe5 Rc4 39. g5
Rxb4 40. gxh6 Rh4 41. Re8+ Kh7 42. Re7 Kg8 43. Re8+ 1/2-1/2

[Event "España tch División de Honor 2013"]
[Site "Linares ESP"]
[Date "2013.09.08"]
[Round "1.35"]
[White "Castellanos Rodriguez, Renier"]
[Black "Santos Latasa, Jaime"]
[Result "1/2-1/2"]
[WhiteElo "2509"]
[BlackElo "2452"]
[PlyCount "92"]
[EventDate "2013.09.08"]
[EventType "team-tourn"]
[EventRounds "7"]
[EventCountry "ESP"]
[Source "lmi"]
[SourceDate "2013.09.08"]

1. e4 c5 2. Nf3 d6 3. d4 cxd4 4. Nxd4 Nf6 5. Nc3 a6 6. Be3 e5 7. Nf3 Qc7 8. a4
h6 9. Be2 Be7 10. O-O O-O 11. a5 Be6 12. Nd2 Nbd7 13. Bf3 Rfc8 14. Re1 b5 15.
axb6 Nxb6 16. Nf1 a5 17. Ng3 Bf8 18. h3 Rcb8 19. Bc1 a4 20. Nh5 Nxh5 21. Bxh5
Qc8 22. Qf3 Qd7 23. Bg4 Nc4 24. b3 axb3 25. Rxa8 Rxa8 26. cxb3 Na5 27. Be3 Qc7
28. Rc1 Qb7 29. Bxe6 fxe6 30. Qg4 Qxb3 31. Bxh6 Kh7 32. Bg5 Rc8 33. Ne2 Rxc1+
34. Nxc1 Qc4 35. Ne2 Nb3 36. Ng3 Kg8 37. h4 Nd4 38. Be3 Nc2 39. Bh6 Nd4 40. Nh5
Qe2 41. f3 Qe1+ 42. Kh2 Nxf3+ 43. gxf3 Qf2+ 44. Kh3 Qf1+ 45. Kh2 Qf2+ 46. Kh1
Qf1+ 1/2-1/2

[Event "España tch División de Honor 2013"]
[Site "Linares ESP"]
[Date "2013.09.08"]
[Round "1.36"]
[White "Moreno Tejera, Emilio"]
[Black "Corral Blanco, Juan Antonio"]
[Result "1-0"]
[WhiteElo "2394"]
[BlackElo "2436"]
[PlyCount "83"]
[EventDate "2013.09.08"]
[EventType "team-tourn"]
[EventRounds "7"]
[EventCountry "ESP"]
[Source "lmi"]
[SourceDate "2013.09.08"]

1. e4 c5 2. Nf3 Nc6 3. d4 cxd4 4. Nxd4 Nf6 5. Nc3 d6 6. Bg5 e6 7. Qd2 h6 8.
Bxf6 gxf6 9. O-O-O a6 10. Kb1 Bd7 11. f4 Qc7 12. Be2 h5 13. Rhf1 O-O-O 14. Nb3
Kb8 15. Qe3 Na5 16. f5 Be7 17. Qh3 Nxb3 18. axb3 h4 19. Bg4 Qc8 20. Ne2 e5 21.
Nc3 Bc6 22. Be2 Rdg8 23. Bc4 Rg7 24. Qf3 Rhg8 25. Rf2 Qf8 26. Nd5 Bxd5 27. Bxd5
Bd8 28. b4 Bb6 29. Re2 Rg4 30. Rdd2 Rf4 31. Qb3 Rf1+ 32. Ka2 Rg7 33. Rd3 Rg1
34. Rh3 R7xg2 35. Rxg2 Rxg2 36. Rxh4 Rg7 37. Rh6 Qe7 38. Rh8+ Ka7 39. Qa4 Rg2
40. Rh7 Qd8 41. Rxf7 Bc7 42. b5 1-0

[Event "España tch División de Honor 2013"]
[Site "Linares ESP"]
[Date "2013.09.08"]
[Round "1.41"]
[White "Dominguez Perez, Leinier"]
[Black "Bacrot, Etienne"]
[Result "1/2-1/2"]
[WhiteElo "2757"]
[BlackElo "2723"]
[PlyCount "53"]
[EventDate "2013.09.08"]
[EventType "team-tourn"]
[EventRounds "7"]
[EventCountry "ESP"]
[Source "lmi"]
[SourceDate "2013.09.08"]

1. e4 e5 2. Nf3 Nc6 3. Bb5 Nf6 4. d3 Bc5 5. c3 O-O 6. O-O d6 7. h3 Ne7 8. d4
Bb6 9. Re1 d5 10. Nxe5 Nxe4 11. Nd2 Nd6 12. Bf1 c6 13. Nb3 Ng6 14. Bd3 Bf5 15.
Bxf5 Nxf5 16. Qg4 Qc8 17. Bg5 f6 18. Nxg6 hxg6 19. Bf4 Kf7 20. Nc1 Re8 21. Nd3
Re4 22. f3 Rxe1+ 23. Rxe1 Qh8 24. Bd2 Bc7 25. Bf4 Bb6 26. Bd2 Bc7 27. Bf4
1/2-1/2

[Event "España tch División de Honor 2013"]
[Site "Linares ESP"]
[Date "2013.09.08"]
[Round "1.42"]
[White "Naiditsch, Arkadij"]
[Black "Giri, Anish"]
[Result "1/2-1/2"]
[WhiteElo "2710"]
[BlackElo "2737"]
[PlyCount "76"]
[EventDate "2013.09.08"]
[EventType "team-tourn"]
[EventRounds "7"]
[EventCountry "ESP"]
[Source "lmi"]
[SourceDate "2013.09.08"]

1. e4 e5 2. Nf3 Nf6 3. Nxe5 d6 4. Nf3 Nxe4 5. d4 d5 6. Bd3 Be7 7. O-O Nc6 8.
Nc3 Bf5 9. Re1 Nxc3 10. bxc3 Bxd3 11. Qxd3 O-O 12. Rb1 Na5 13. Bf4 Bf6 14. h3
c6 15. Nh2 Bg5 16. Be5 b6 17. Qg3 Nc4 18. Nf3 Bh6 19. Re2 f6 20. Bf4 Bxf4 21.
Qxf4 Qd7 22. Rbe1 Rae8 23. h4 h5 24. Kf1 Rxe2 25. Rxe2 Re8 26. Ng1 a5 27. f3
Rxe2 28. Nxe2 Qe7 29. Kf2 Nb2 30. Ke1 Qe8 31. Qc1 Nc4 32. Kf2 Qg6 33. Nf4 Qf5
34. Nd3 Kh7 35. Qe1 Na3 36. Qd2 Nb5 37. Kg1 Kg8 38. Qe1 Kf7 1/2-1/2

[Event "España tch División de Honor 2013"]
[Site "Linares ESP"]
[Date "2013.09.08"]
[Round "1.43"]
[White "Vachier-Lagrave, Maxime"]
[Black "Van Wely, Loek"]
[Result "1/2-1/2"]
[WhiteElo "2722"]
[BlackElo "2701"]
[PlyCount "55"]
[EventDate "2013.09.08"]
[EventType "team-tourn"]
[EventRounds "7"]
[EventCountry "ESP"]
[Source "lmi"]
[SourceDate "2013.09.08"]

1. d4 Nf6 2. c4 e6 3. Nc3 Bb4 4. Nf3 c5 5. g3 Ne4 6. Qd3 Qa5 7. Qxe4 Bxc3+ 8.
Bd2 Bxd2+ 9. Nxd2 Nc6 10. d5 Nd4 11. Bg2 O-O 12. Qd3 exd5 13. Bxd5 d6 14. O-O
Bf5 15. Be4 Bxe4 16. Nxe4 Rae8 17. e3 Nf3+ 18. Kg2 Ne5 19. Qd5 Re6 20. Rfd1 Qb6
21. b3 Rfe8 22. Ng5 Rg6 23. Nh3 Rh6 24. Rd2 Ng4 25. Qf3 Ne5 26. Qd5 Ng4 27. Qf3
Ne5 28. Qd5 1/2-1/2

[Event "España tch División de Honor 2013"]
[Site "Linares ESP"]
[Date "2013.09.08"]
[Round "1.44"]
[White "Franco Alonso, Alejandro"]
[Black "Edouard, Romain"]
[Result "0-1"]
[WhiteElo "2483"]
[BlackElo "2665"]
[PlyCount "61"]
[EventDate "2013.09.08"]
[EventType "team-tourn"]
[EventRounds "7"]
[EventCountry "ESP"]
[Source "lmi"]
[SourceDate "2013.09.08"]

1. d4 Nf6 2. c4 b6 3. Nc3 Bb7 4. d5 e6 5. a3 Bd6 6. Nf3 O-O 7. e4 exd5 8. exd5
c6 9. Bg5 h6 10. Bh4 cxd5 11. Be2 Be7 12. O-O dxc4 13. Bxc4 Nc6 14. Re1 d6 15.
Ba2 Nh5 16. Bxe7 Nxe7 17. Nh4 Nf6 18. Qd3 Qd7 19. Rad1 Rad8 20. Qg3 Rfe8 21. h3
g5 22. Re3 Kf8 23. Rf3 Bxf3 24. Qxf3 gxh4 25. Qxf6 Ng6 26. Nb5 Qe7 27. Qf5 d5
28. Bxd5 Kg7 29. Nc3 Qf6 30. Qg4 Re5 31. Nb1 0-1

[Event "España tch División de Honor 2013"]
[Site "Linares ESP"]
[Date "2013.09.08"]
[Round "1.45"]
[White "Salgado Lopez, Ivan"]
[Black "Gonzalez De La Torre, Santiago"]
[Result "1-0"]
[WhiteElo "2614"]
[BlackElo "2472"]
[PlyCount "77"]
[EventDate "2013.09.08"]
[EventType "team-tourn"]
[EventRounds "7"]
[EventCountry "ESP"]
[Source "lmi"]
[SourceDate "2013.09.08"]

1. e4 e5 2. Nf3 Nc6 3. Bb5 Nf6 4. d3 d6 5. c3 g6 6. O-O Bg7 7. Re1 O-O 8. Nbd2
a6 9. Ba4 Nd7 10. Nf1 Nc5 11. Bc2 Ne6 12. Ne3 Ne7 13. d4 exd4 14. Nxd4 Nxd4 15.
cxd4 c5 16. dxc5 dxc5 17. Nd5 Nc6 18. Bf4 Ne5 19. Rc1 Bg4 20. Qd2 Nc4 21. Qd3
Nxb2 22. Qg3 Be6 23. Bc7 Qd7 24. Nb6 Qd4 25. Nxa8 Rxa8 26. e5 b5 27. Ba5 b4 28.
a3 Rb8 29. axb4 cxb4 30. Bb3 Bxb3 31. e6 Rf8 32. e7 Nd3 33. e8=Q Rxe8 34. Rxe8+
Bf8 35. Rf1 Kg7 36. Rd8 Bd5 37. Rd1 Qe4 38. Qf3 Bc5 39. Rxd5 1-0

[Event "España tch División de Honor 2013"]
[Site "Linares ESP"]
[Date "2013.09.08"]
[Round "1.46"]
[White "Argandoña Riveiro, Iñigo"]
[Black "Romero Holmes, Alfonso"]
[Result "1/2-1/2"]
[WhiteElo "2386"]
[BlackElo "2518"]
[PlyCount "130"]
[EventDate "2013.09.08"]
[EventType "team-tourn"]
[EventRounds "7"]
[EventCountry "ESP"]
[Source "lmi"]
[SourceDate "2013.09.08"]

1. Nf3 d5 2. c4 d4 3. g3 Nc6 4. d3 e5 5. Bg2 Bb4+ 6. Nbd2 a5 7. O-O Nf6 8. a3
Be7 9. b3 O-O 10. Rb1 Re8 11. Ne1 Be6 12. Nc2 Qd7 13. b4 Bh3 14. b5 Nd8 15. Nf3
Bf8 16. Bg5 Nh5 17. e3 Bxg2 18. Kxg2 dxe3 19. Bxe3 g6 20. d4 exd4 21. Nfxd4 Ne6
22. Nb3 Qxd1 23. Rfxd1 a4 24. Nbd4 Nc5 25. Nb4 Nf6 26. Bf4 Rac8 27. f3 h6 28.
h4 Re7 29. g4 Rd8 30. Nf5 Red7 31. Nxh6+ Kh7 32. Rxd7 Rxd7 33. g5 Nh5 34. Be3
Nd3 35. Nd5 Bxa3 36. Ra1 Bc5 37. Ng4 Kg7 38. Rxa4 Bxe3 39. Ngxe3 c6 40. bxc6
bxc6 41. Nf6 Ndf4+ 42. Kf1 Nxf6 43. gxf6+ Kxf6 44. Ra6 Rd6 45. Ng4+ Kf5 46.
Ra5+ Ke6 47. Re5+ Kd7 48. Ra5 f5 49. Ne5+ Ke6 50. Rc5 Rd2 51. Ra5 Kd6 52. Nf7+
Kc7 53. c5 Nd3 54. Ra7+ Kb8 55. Re7 Rf2+ 56. Kg1 Rxf3 57. Re6 Rg3+ 58. Kf1 f4
59. Ke2 Nxc5 60. Rxc6 Re3+ 61. Kf1 Nd3 62. Ng5 f3 63. Re6 Rxe6 64. Nxe6 Kc8 65.
Ng5 f2 1/2-1/2

[Event "España tch División de Honor 2013"]
[Site "Linares ESP"]
[Date "2013.09.09"]
[Round "2.11"]
[White "Spraggett, Kevin"]
[Black "Bacrot, Etienne"]
[Result "1/2-1/2"]
[WhiteElo "2568"]
[BlackElo "2723"]
[PlyCount "60"]
[EventDate "2013.09.08"]
[EventType "team-tourn"]
[EventRounds "7"]
[EventCountry "ESP"]
[Source "lmi"]
[SourceDate "2013.09.08"]

1. e4 e5 2. Nf3 Nc6 3. Bc4 Bc5 4. O-O Nf6 5. d3 O-O 6. Bb3 d6 7. c3 Ne7 8. Re1
Ng6 9. h3 Bb6 10. Nbd2 c6 11. Nf1 h6 12. Ng3 d5 13. exd5 Nxd5 14. d4 exd4 15.
Nxd4 Kh8 16. Bc2 Re8 17. Rxe8+ Qxe8 18. Bd2 Bxd4 19. cxd4 Qe7 20. Qf3 Bd7 21.
Re1 Qf6 22. Qxf6 Nxf6 23. Nf5 Bxf5 24. Bxf5 Rd8 25. Bc3 Kg8 26. g3 Nd5 27. h4
Kf8 28. Kf1 Nge7 29. Bh3 Nxc3 30. bxc3 Nd5 1/2-1/2